| 000 | 00876cam a22002293a 4500 | ||
|---|---|---|---|
| 001 | 44564 | ||
| 003 | PGUSA | ||
| 005 | 20140828084022.0 | ||
| 008 | 140102s2014||||xxu|||||s|||||000 | eng d | ||
| 040 |
_aPGUSA _beng |
||
| 042 | _adc | ||
| 100 | 1 |
_aTurpin, F. H. _q(François Henri), _d1709-1799 |
|
| 245 | 1 | 0 |
_aHistory of the Kingdom of Siam ; _band, of the revolutions that have caused the overthrow of the empire, up to A. D. 1770 _h[electronic resource] / _cF. H. Turpin |
| 260 |
_bProject Gutenberg, _c2014 |
||
| 500 | _aTranslation of: Histoire civile et naturelle du royaume de Siam et des révolutions qui ont bouleversé cet empire jusqu’en 1770 | ||
| 506 | _aPublic domain in the USA. | ||
| 516 | _aElectronic text | ||
| 700 | 1 | _aCartwright, Basil Osborne | |
| 830 | 0 |
_aProject Gutenberg _v44564 |
|
| 856 | 4 | 0 | _uhttp://www.gutenberg.org/ebooks/44564 |
| 942 | _cEB | ||
| 999 |
_c273815 _d273815 |
||